[Event "NRW Class1 1819"]
[Site "Germany"]
[Date "2019.01.13"]
[Round "5.8"]
[White "Dueber, Olaf"]
[Black "Boehm, Juergen1111"]
[Result "1/2-1/2"]
[WhiteElo "1943"]
[BlackElo "2112"]
[PlyCount "35"]
[EventDate "2018.09.16"]
[EventType "team-tourn"]
[EventRounds "9"]
[EventCountry "GER"]
[SourceTitle "EXT 2022"]
[Source "ChessBase"]
[SourceDate "2021.10.06"]
[SourceVersion "1"]
[SourceVersionDate "2021.10.06"]
[SourceQuality "1"]
[WhiteTeam "Weidenau/Geisweid"]
[BlackTeam "Brackel SF"]
[WhiteTeamCountry "GER"]
[BlackTeamCountry "GER"]

1. d4 d5 2. Bf4 Nf6 3. e3 c5 4. c3 Nc6 5. Nd2 cxd4 6. exd4 Bf5 7. Qb3 Qc8 8. Ngf3 e6 9. Be2 h6 10. Ne5 Be7 11. Qa4 a6 12. Nxc6 Qxc6 13. Qxc6+ bxc6 14. b4 Ne4 15. Nxe4 Bxe4 16. f3 Bh7 17. a4 Kd7 18. Kd2 1/2-1/2

[Event "Werther Schloss op-B 8th"]
[Site "Werther"]
[Date "2002.03.23"]
[Round "3"]
[White "Dueber, Olaf"]
[Black "Land, Rainer"]
[Result "1/2-1/2"]
[WhiteElo "1909"]
[BlackElo "1821"]
[PlyCount "67"]
[EventDate "2002.03.22"]
[EventType "swiss"]
[EventRounds "5"]
[EventCountry "GER"]
[SourceTitle "EXT 2006"]
[Source "ChessBase"]
[SourceDate "2005.11.24"]
[SourceVersion "1"]
[SourceVersionDate "2005.11.24"]
[SourceQuality "1"]

1. e4 c5 2. Nf3 Nc6 3. d4 cxd4 4. Nxd4 g6 5. Nc3 Bg7 6. Be3 d6 7. Bc4 Nf6 8. f3 a6 9. Bb3 Na5 10. Qd2 Nxb3 11. axb3 Bd7 12. 0-0 0-0 13. Nde2 Bc6 14. Nf4 Rc8 15. Nfd5 Bxd5 16. exd5 Re8 17. Rfd1 Nd7 18. f4 Qc7 19. Bd4 Bxd4+ 20. Qxd4 Qc5 21. Rac1 Nf6 22. b4 Qxd4+ 23. Rxd4 Rc7 24. Ne4 Nxe4 25. Rxe4 e6 26. c3 Rce7 27. dxe6 Rxe6 28. Rxe6 fxe6 29. Rd1 d5 30. Kf2 Rc8 31. Ke3 Kf7 32. g4 Kf6 33. h4 Rc4 34. Rd4 1/2-1/2

[Event "Werther Schloss op-B 8th"]
[Site "Werther"]
[Date "2002.03.23"]
[Round "2"]
[White "Ollech, Dirk"]
[Black "Dueber, Olaf"]
[Result "1/2-1/2"]
[WhiteElo "1831"]
[BlackElo "1909"]
[PlyCount "80"]
[EventDate "2002.03.22"]
[EventType "swiss"]
[EventRounds "5"]
[EventCountry "GER"]
[SourceTitle "EXT 2006"]
[Source "ChessBase"]
[SourceDate "2005.11.24"]
[SourceVersion "1"]
[SourceVersionDate "2005.11.24"]
[SourceQuality "1"]

1. d4 Nf6 2. c4 c5 3. d5 b5 4. cxb5 a6 5. b6 g6 6. Nc3 d6 7. e4 Nbd7 8. Nf3 Bg7 9. Be2 Nxb6 10. h3 0-0 11. 0-0 a5 12. Re1 a4 13. a3 Ba6 14. Bxa6 Rxa6 15. Qe2 Ra7 16. Nd2 e6 17. dxe6 fxe6 18. Nc4 Nxc4 19. Qxc4 d5 20. exd5 exd5 21. Qxc5 Rc7 22. Qb6 d4 23. Ne4 Nxe4 24. Qe6+ Kh8 25. Qxe4 Rcf7 26. f3 Qa5 27. Rd1 Qc5 28. Bd2 Qb5 29. Re1 Qf5 30. Qxf5 Rxf5 31. Bb4 Rd8 32. Rad1 d3 33. Kf1 Bxb2 34. Re3 Rfd5 35. Re7 R5d7 36. Rxd7 Rxd7 37. Kg1 Bf6 38. Kf2 Bd4+ 39. Ke1 Bf6 40. Kd2 Bg5+ 1/2-1/2

[Event "Werther Schloss op-B 8th"]
[Site "Werther"]
[Date "2002.03.22"]
[Round "1"]
[White "Dueber, Olaf"]
[Black "Peske, Kuno"]
[Result "1-0"]
[WhiteElo "1909"]
[BlackElo "1762"]
[PlyCount "73"]
[EventDate "2002.03.22"]
[EventType "swiss"]
[EventRounds "5"]
[EventCountry "GER"]
[SourceTitle "EXT 2006"]
[Source "ChessBase"]
[SourceDate "2005.11.24"]
[SourceVersion "1"]
[SourceVersionDate "2005.11.24"]
[SourceQuality "1"]

1. e4 e5 2. Bc4 Nc6 3. Nf3 Bc5 4. d3 Nf6 5. Bg5 0-0 6. c3 d6 7. b4 Bb6 8. Nbd2 h6 9. Bh4 Qe7 10. h3 a6 11. Qe2 Be6 12. g4 Bxc4 13. dxc4 Qe6 14. Rg1 Nh7 15. 0-0-0 f6 16. Bg3 Ne7 17. Nh4 a5 18. b5 a4 19. Qd3 Bc5 20. Nf5 c6 21. Nxe7+ Qxe7 22. Kc2 cxb5 23. Qd5+ Qf7 24. Qxf7+ Rxf7 25. cxb5 Rc7 26. Kb2 Ra5 27. c4 Bb4 28. f4 Bxd2 29. Rxd2 Rxc4 30. Rxd6 Rxb5+ 31. Ka3 Rxe4 32. fxe5 fxe5 33. Rf1 Nf6 34. Bh4 Rf4 35. Rxf4 exf4 36. Bxf6 gxf6 37. Rxf6 1-0

[Event "Baunatal op 7th"]
[Site "Baunatal"]
[Date "2001.08.14"]
[Round "5"]
[White "Dueber, Olaf"]
[Black "Pichl, Uwe Rolf"]
[Result "1-0"]
[WhiteElo "1890"]
[BlackElo "1641"]
[PlyCount "61"]
[EventDate "2001.08.08"]
[EventType "swiss"]
[EventRounds "7"]
[EventCountry "GER"]
[SourceTitle "EXT 2002"]
[Source "ChessBase"]
[SourceDate "2001.11.25"]
[SourceVersion "1"]
[SourceVersionDate "2001.11.25"]
[SourceQuality "1"]

1. e4 e5 2. Bc4 Nf6 3. Nf3 Nc6 4. d4 Na5 5. Bd3 exd4 6. Nxd4 Bc5 7. Nf5 0-0 8. Qd2 Nc6 9. Qg5 Ne8 10. Nh6+ Kh8 11. Qxc5 d6 12. Qc3 d5 13. 0-0 d4 14. Qc5 Nd6 15. Nf5 Bxf5 16. exf5 f6 17. Bf4 Nf7 18. Nd2 Nfe5 19. Be4 Qd7 20. Nf3 b6 21. Nxe5 Nxe5 22. Qd5 Rad8 23. Qxd7 Rxd7 24. Bxe5 fxe5 25. f4 Re7 26. fxe5 Rxe5 27. Bd3 c5 28. Rae1 Rfe8 29. Rxe5 Rxe5 30. Kf2 Re7 31. Re1 1-0

[Event "Baunatal op 7th"]
[Site "Baunatal"]
[Date "2001.08.14"]
[Round "6"]
[White "Hoexter, Heinrich"]
[Black "Dueber, Olaf"]
[Result "1-0"]
[WhiteElo "2163"]
[BlackElo "1890"]
[PlyCount "77"]
[EventDate "2001.08.08"]
[EventType "swiss"]
[EventRounds "7"]
[EventCountry "GER"]
[SourceTitle "EXT 2002"]
[Source "ChessBase"]
[SourceDate "2001.11.25"]
[SourceVersion "1"]
[SourceVersionDate "2001.11.25"]
[SourceQuality "1"]

1. e4 c5 2. Nf3 Nc6 3. Bb5 d6 4. 0-0 Bd7 5. Re1 e6 6. c3 Nf6 7. d4 cxd4 8. cxd4 Be7 9. Nc3 0-0 10. d5 exd5 11. exd5 Ne5 12. Nxe5 Bxb5 13. Nxb5 Qb6 14. Nf3 Qxb5 15. Rxe7 Nxd5 16. a4 Qc4 17. Rxb7 Rae8 18. Rb5 Nb4 19. b3 Qe4 20. Bd2 Nd3 21. Be3 d5 22. h3 f5 23. Ng5 Qe5 24. Ra2 f4 25. Qxd3 Qxg5 26. Rxd5 Qh4 27. Rd4 g5 28. Rd7 fxe3 29. fxe3 Re4 30. Qc3 Qh6 31. Rf2 Rxf2 32. Kxf2 Qf8+ 33. Kg1 g4 34. Qd3 g3 35. Qd5+ Kh8 36. Rxh7+ Kxh7 37. Qxe4+ Kg7 38. Qg4+ Kh7 39. Qh4+ 1-0

[Event "Muensterland op 14th"]
[Site "Muenster"]
[Date "2000.??.??"]
[Round "3"]
[White "Dueber, Olaf"]
[Black "Heine, Rolf"]
[Result "1/2-1/2"]
[WhiteElo "1825"]
[BlackElo "2015"]
[PlyCount "57"]
[EventDate "2000.??.??"]
[EventType "swiss"]
[EventRounds "7"]
[EventCountry "GER"]
[SourceTitle "EXT 2003"]
[Source "ChessBase"]
[SourceDate "2002.11.25"]
[SourceVersion "1"]
[SourceVersionDate "2002.11.25"]
[SourceQuality "1"]

1. d4 c5 2. e4 cxd4 3. Nf3 Nc6 4. Nxd4 e5 5. Nb5 d6 6. N1c3 a6 7. Na3 b5 8. Nd5 Nf6 9. Bg5 Be7 10. Bxf6 Bxf6 11. c3 0-0 12. Bd3 Bg5 13. h4 Bh6 14. g4 g6 15. Nc2 Be6 16. Qf3 Bxd5 17. exd5 Ne7 18. h5 Kg7 19. Qh3 Rh8 20. Qg2 Bg5 21. Ke2 Qd7 22. a4 h6 23. axb5 axb5 24. Nb4 Rhc8 25. Rhd1 Rxa1 26. Rxa1 Rc5 27. hxg6 Nxg6 28. Bxg6 Kxg6 29. Qe4+ 1/2-1/2